NCT Alphabet song - Statistics

General Stats
  • This quiz has been taken 630 times
  • The average score is 19 of 24
Answer Stats
Hint Answer % Correct
B Boss / Baby don’t stop / Black on black / Blow my mind / Birthday party / Beautiful / Better than gold / Beatbox / Baggy jeans / Back 2 u / Baby don’t like it / Beautiful time / Boom / Bye my first / Best friend / Bungee / Best friend ever / Breakfast / Bring the noize / Black clouds / Be there for me / Baby don’t stop / Be there for you / Broken melodies / Blue wave / Best of me / Box / Breathing / Bad alive / Broken love / Bounce back / Back to you / Be alright / Bandage
96%
C Cherry bomb / City 127 / Come back / Chain / Call D / Chewing gum / Candle light / Chica bom bom / Candy / Colors / Crash landing / Can’t help myself / Coming home / Countdown / Carat cake / Call me / Choo choo / Can we go back
95%
S Switch / Sun & moon / Summer 127 / Simon says / Sweet dream / Saturday drip / Sorry heart / Stronger / Save / Sit down! / Sticker / Skyscraper / Space / Suddenly / Superhuman / Sunny road / Skateboard / SOS / Starry night / Smoothie / Stupid cupid / Stand by me / Say it / She a wolf / Steady / Supercute / Skate / Songbird / Sail away / Silly dance / Still 3pm / Strawberry sunday
92%
F Fire truck / Fly away with me / Faded in my last song / From home / Fire alarm / First love / Focus / Far / Favorite / Faster / Fact check / Fool / Flying kiss / Face to face / Frequency / Filthy rich / Far away
90%
P Paradise / Past to present / Present to future / Pado / Puzzle piece / Pandora’s box / Punch / Prelude / Promise you / Pilot / Playback / Parade / Pricey / Paper plane / Poison / Pretzel / Phantom / Poppin’ love / P.O.V / Poppop / Perfume
90%
L La la love / Lips / Limitless / Long slow distance / Light bulb / Love again / Lipstick / Life is still going on / Love me now / Love song / Lemonade / Love on the floor / Lol / Love is a beauty / Like we just met / Low low / Lighthouse / Let me love u / Love talk
89%
M Mad city / My page / My van / Misfit / My everything / Make a wish / Music dance / Miracle / My first and last / Moon / Marine turtle / Mad dog / Make your day / Magic carpet ride / Misty / Meaning of love / My youth / Moonlight / Moonwalk / Might as well / Melt inside my pocket
89%
G Go / Good night / Glitch mode / Golden age / Good thing / Gimme gimme / Graduation / Gold dust / Gas / Good life / Good time / Give me that / Go higher
86%
H Heartbreaker / Hello future / Hot sauce / Highway to heaven / Home alone / Heavenly / Horizon / High five / Hands up
86%
W Wake up / Whiplash / We young / Walk you home / Without you / Welcome to my playground / Wakey wakey / Work it / We go up / What we talkin’ bout / Walk with you / White night / Wall to wall / Walk / We are 127 / White lie / When I’m with you / We go nanana / Welcome to my paradise / What a good time / Wishful winter / Wish / We go!
86%
R Running 2 u / Regular / Replay / Regular to irregular / Run back 2 u / Raise the roof / Round&round / Rewind / Ridin’ / Resonance / Right now / Rain day / Road trip / Real life / Rain drop / Rocket / Rainbow / Rains in heaven / Rodo
85%
D Dream in a dream / Dancing in the rain / Deja vu / Dream routine / Dreaming / Drive / Dunk shot / Drippin’ / Dear dream / Don’t need your love / Dream run / Dive into you / Day dream / Dreams come true / Dreamer / DJ / Designer / Do it / Diggity / Dreamscape / Domino / Diamonds only / Dream launch / Don’t get mad / Deep ocean / Design / Dive
84%
K Knock on / Kitchen beat / Know now / Kangaroo / Kick it / King of hearts / Kick back / Kiss
84%
T Trigger the fever / Touch / Timeless / The 7th sense / Teddy bear / To my first / The bat / That’s not fair / Tangerine love / Take my breath / The rainy night / Time lapse / Tasty / Time capsule / Turn back time / Try my luck / Take off / Tempo / Twist / Touchdown / Tears are falling
84%
A Another world / All about you / Arcade / Alley oop / Angel / Ay yo / Angel eyes / ANL / After midnight / Awaken the world / Ain’t no thang / Action figure / All for love
82%
Y Yestoday / Yacht / Yogurt shake / YOU / Yeah yeah yeah
74%
N Neo got my back / No longer / Nectar / New axis / Never goodbye / Not your fault / Neo zone / Not alone / Nonstop / No clue / N.Y.C.T / No escape / Night poem / No one but you / New ride / Nasa
72%
I I.O.U / It’s yours / Irreplaceable / ISTJ / I hate fruits / Icantfeelanything / Invincible / Images
69%
O Once again / OK! / On the way / Oasis / Orange seoul / Off the wall / Only human / On my youth / On & on / Our adventures / Ordinary
65%
U Universe / Unknow / Unbreakable / Up from here
63%
E End to start / Earthquake / Elevator / Electric hearts
54%
J Joy / Je ne sais quoi / Jet lag
51%
V Vision / Volcano / Vroom / Vitamin
51%
Q Quiet down
40%
No matching quizzes found
Score Distribution
Percent of People with Each Score
Percentile by Number Answered
Your Score History
You have not taken this quiz